00698nam a2200253Ia 4500008004100000020001800041050000800059050001400067100002100081245001700102245002400119260002000143260002600163260000900189300001500198300002600213300001000239440002000249650001900269700001200288700001100300999001900311952011400330181129s9999 xx 000 0 und d a9781626869585 a612 bC622 2017 aClaybourne, Anna 0aHuman body / 0cby Anna Claybourne. aSan Diego, CA : bSilver Dolphin Books, c2017 a48 pages : bcolor illustrations ; c27cm. aDiscovery plus. aHuman anatomy. aSeries. aTitle. c360158d360158 001040aSSISMbSSISMcSSISMd2018-11-29l0oNF 612 C622 2017pSSISM5952r2018-11-29 00:00:00w2018-11-29yBK